| 000 | 02034cam a2200361 i 4500 | ||
|---|---|---|---|
| 001 | 17895146 | ||
| 003 | SISC | ||
| 005 | 20170123134427.0 | ||
| 008 | 130923s2014 mau b 001 0 eng | ||
| 010 | _a 2013036024 | ||
| 020 | _a9780674430006 (alk. paper) | ||
| 040 |
_aDLC _beng _cDLC _erda _dDLC |
||
| 041 | 1 |
_aeng _hfre |
|
| 042 | _apcc | ||
| 050 | 0 | 0 |
_aHB 501 _b.P436 2014 |
| 082 | 0 | 0 | _a332/.041 |
| 100 | 1 |
_aPiketty, Thomas, _d1971- |
|
| 240 | 1 | 0 |
_aCapital au XXIe siècle. _lEnglish |
| 245 | 1 | 0 |
_aCapital in the twenty-first century / _cThomas Piketty ; translated by Arthur Goldhammer. |
| 260 |
_aEngland : _bThe Belknap Press of Harvard University Press, _c2014. |
||
| 300 |
_aviii, 685 pages ; _c25 cm. |
||
| 500 | _aTranslation of the author's Le capital au XXIe siècle. | ||
| 500 | _aIncludes bibliographical references and index. | ||
| 505 | 0 | _aIncome and output -- Growth : illusions and realities -- The metamorphoses of capital -- From old Europe to the new world -- The long-run capital/income ratio -- Capital's share vs. labor's share in the twenty-first century -- Inequality and concentration : an initial orientation -- The two worlds -- Inequality in the income from labor -- Inequality in the ownership of capital -- Merit and inheritance in the long run -- Global inequality of wealth in the twenty-first century -- A social state for the twenty-first century -- Rethinking the progressive income tax -- A global tax on capital -- The question of the public debt. | |
| 650 | 0 | _aCapital. | |
| 650 | 0 | _aIncome distribution. | |
| 650 | 0 | _aWealth. | |
| 650 | 0 | _aLabor economics. | |
| 700 | 1 |
_aGoldhammer, Arthur, _etranslator. |
|
| 906 |
_a7 _bcbc _corignew _d1 _eecip _f20 _gy-gencatlg |
||
| 942 |
_2lcc _cBK |
||
| 999 |
_c291513 _d291513 |
||